Najczęściej nauczane języki obce w polskich szkołach - Statystyki

Ogólne statystyki
  • Ten quiz został rozwiązany 79 razy
  • Średni wynik to 8 z 10
Statystyki odpowiedzi
Odpowiedź % Poprawnych
Angielski
100%
Rosyjski
100%
Hiszpański
99%
Niemiecki
99%
Francuski
97%
Włoski
91%
Chiński
71%
Japoński
71%
Łacina
37%
Norweski
30%
Nie znaleziono quizów pasujących do podanych kryteriów
Rozkład punktacji
Procent ludzi z każdym wynikiem
Percentyl według liczby udzielonych odpowiedzi
Twoja historia wyników
Nie rozwiązałeś tego quizu